| 000 | 00000nam 2200000zi 4500 |
| 001 | 9.874765 |
| 003 | CaOODSP |
| 005 | 20221107164300 |
| 006 | m go d f |
| 007 | cr |n||||||||| |
| 008 | 190612s2006 qucaob #o f000 0 eng d |
| 040 | |aCaOODSP|beng|erda|cCaOODSP |
| 043 | |an-cn--- |
| 086 | 1 |aP4-86/2006E-PDF |
| 110 | 1 |aCanada. |bPublic Works and Government Services Canada. |
| 245 | 10|aParliamentary and judicial precincts area : |bsite capacity and long term development plan, 2006 update. |
| 264 | 1|a[Gatineau, Quebec] : |bPublic Works and Government Services Canada, |c[2006] |
| 300 | |a1 online resource (xiii, 125 pages) : |billustrations, photographs, maps (some coloured) |
| 336 | |atext|btxt|2rdacontent |
| 337 | |acomputer|bc|2rdamedia |
| 338 | |aonline resource|bcr|2rdacarrier |
| 500 | |aIssued also in French under title: Cité parlementaire et cité judiciaire, capacité du site et plan d'aménagement à long terme, mise à jour 2006. |
| 504 | |aIncludes bibliographical references. |
| 520 | |a"This Development Plan provides the essential direction for a major multi-phase 25-year program to upgrade the deteriorated buildings and landscape, and add much needed accommodation for those national institutions which together form the Parliamentary and Judicial Precincts Area"--Introduction. |
| 550 | |aCo-published by du Toit Allsopp Hillier, Diamond and Schmitt, McCormick Rankin, Goldsmith Borgal, Schollen+Company, Weaymouth+Associates. |
| 692 | 07|2gccst|aPlanning |
| 692 | 07|2gccst|aCrown assets |
| 692 | 07|2gccst|aParliament |
| 692 | 07|2gccst|aCourts |
| 710 | 2 |aDu Toit, Allsopp, Hillier (Firm) |
| 710 | 2 |aDiamond and Schmitt Architects. |
| 710 | 2 |aMcCormick, Rankin & Associates. |
| 710 | 2 |aGoldsmith Borgal and Company Architects. |
| 710 | 2 |aSchollen & Company. |
| 710 | 2 |aWeaymouth & Associates, Inc. |
| 775 | 08|tCité parlementaire et cité judiciaire : |w(CaOODSP)9.874767 |
| 856 | 40|qPDF|s19.65 MB|uhttps://publications.gc.ca/collections/collection_2019/spac-pspc/P4-86-2006-eng.pdf |